000 00572nam a2200217Ia 4500
003 OSt
005 20220923221835.0
006 a|||||r|||| 00| 0
007 ta
008 220922b |||||||| |||| 00| 0 hin d
024 _a200,400
037 _cTextual
040 _aARTS
_cARTS
_bhin
041 _2hin
_ahin
082 _aQ4:33, 152K9
100 _aरधुनाथ सिंह
245 0 _aबुद्व कथा
246 _aBudva kathā
942 _hQ4:33, 152K9
_cTEXL
_2CC
999 _c352072
_d352072